000 00492nam a22001817a 4500
999 _c4603
_d4603
003 GBCCL
005 20241126110522.0
008 180125b xxu||||| |||| 00| 0 eng d
020 _a080545053X
040 _cgbc
082 _a248.4
_bMOR
100 _aMorgan, Robert C.
_98482
245 _aManual for Human Maintenance /
_cRobert C. Morgan
260 _aNashville:
_bBroadman Press,
_c1988
300 _a131 p.;
_c23 cm.
650 _aChristian life
_vConduct of life
_98483
942 _2ddc
_cBK